000 00810nam a2200265Ia 4500
003 OSt
005 20220923224755.0
006 a|||||r|||| 00| 0
007 ta
008 220922b |||||||| |||| 00| 0 hin d
024 _a250,051
037 _cTextual
040 _aARTS
_cARTS
_bhin
041 _2hin
_ahin
082 _aO1,3xN, 152M7.2
100 _aशास्त्री, पद्म
245 0 _aविश्वकथाशतकम्
246 _aVishvakathāshatakam
260 _aजयपुर
_b देवनागर प्रकाशन
_c1987
300 _a179पृ.
_ccm.
490 _vखंड 2
650 _aविश्व कहानी
942 _hO1,3xN, 152M7.2
_cTEXL
_2CC
999 _c373580
_d373580